Capitals of the World: Countries Edition (On a Map) - Statistics

General Stats
  • This quiz has been taken 41 times
    25 since last reset
  • The average score is 109 of 196
Answers on the Map
Answers color-coded by a green-red scale on the quiz's map according to % correct below.
 
Answer Stats
Country Country % Correct
China Beijing
81%
Spain Madrid
81%
Mexico {Mexico} City
81%
Panama {Panama} City
81%
Algeria Algiers
75%
South Africa Bloemfontein/Cape Town/Pretoria
75%
Brazil Brasilia
75%
Ireland Dublin
75%
Finland Helsinki
75%
Afghanistan Kabul
75%
United Kingdom London
75%
Luxembourg {Luxembourg}
75%
Russia Moscow
75%
Norway Oslo
75%
Canada Ottawa
75%
France Paris
75%
Czech Republic Prague
75%
Italy Rome
75%
South Korea Seoul
75%
Sweden Stockholm
75%
Iran Tehran
75%
Tunisia Tunis
75%
United States {Washington} D.C.
75%
Ethiopia Addis Ababa
69%
Netherlands Amsterdam
69%
Turkey Ankara
69%
Paraguay Asuncion
69%
Greece Athens
69%
Iraq Baghdad
69%
Thailand Bangkok
69%
Serbia Belgrade
69%
Germany Berlin
69%
Switzerland Bern
69%
Colombia Bogota
69%
Belgium Brussels
69%
Romania Bucharest
69%
Hungary Budapest
69%
Egypt Cairo
69%
Australia Canberra
69%
Venezuela Caracas
69%
Denmark Copenhagen
69%
Guatemala {Guatemala} City
69%
Cuba Havana
69%
Pakistan Islamabad
69%
Indonesia Jakarta
69%
Ukraine Kiev
69%
Jamaica Kingston
69%
Sain Vincent and the Grenadines Kingstown
69%
Bolivia La Paz/Sucre
69%
Peru Lima
69%
Philippines Manila
69%
Belarus Minsk
69%
Uruguay Montevideo
69%
Haiti Port au Prince
69%
Saudi Arabia Riyadh
69%
Chile Santiago
69%
Bulgaria Sofia
69%
Estonia Tallinn
69%
Japan Tokyo
69%
Mongolia Ulaanbaatar
69%
Vatican City {Vatican City}
69%
Austria Vienna
69%
Poland Warsaw
69%
New Zealand Wellington
69%
United Arab Emirates Abu Dhabi
63%
Nigeria Abuja
63%
Argentina Buenos Aires
63%
Senegal Dakar
63%
Djibouti {Djibouti} City
63%
Guyana Georgetown
63%
Vietnam Hanoi
63%
Israel Jerusalem
63%
Malaysia Kuala Lumpur
63%
Portugal Lisbon
63%
Angola Luanda
63%
Somalia Mogadishu
63%
Kenya Nairobi
63%
India New Delhi
63%
Kazakhstan Nur-Sultan
63%
Ecuador Quito
63%
Morocco Rabat
63%
Costa Rica San Jose
63%
San Marino {San Marino}
63%
El Salvador San Salvador
63%
Bosnia and Herzegovina Sarajevo
63%
Singapore {Singapore}
63%
Albania Tirana
63%
Malta Valletta
63%
Croatia Zagreb
63%
Ghana Accra
56%
Jordan Amman
56%
Andorra Andorra la Vella
56%
Azerbaijan Baku
56%
Brunei Bandar Seri Begawan
56%
Guinea-Bissau Bissau
56%
Syria Damascus
56%
Bangladesh Dhaka
56%
East Timor Dili
56%
Qatar Doha'
56%
Uganda Kampala
56%
Nepal Kathmandu
56%
Kuwait {Kuwait} City
56%
Zambia Lusaka
56%
Maldives Male
56%
Nicaragua Managua
56%
Bahamas Nassau
56%
Niger Niamey
56%
Cyprus Nicosia
56%
Iceland Reykjavik
56%
Latvia Riga
56%
Dominican Republic Santo Domingo
56%
Macedonia, North Skopje
56%
Fiji Suva
56%
Taiwan Taipei
56%
Uzbekistan Tashkent
56%
Georgia Tbilisi
56%
Libya Tripoli
56%
Liechtenstein Vaduz
56%
Lithuania Vilnius
56%
Mali Bamako
50%
Lebanon Beirut
50%
Belize Belmopan
50%
Kyrgyzstan Bishkek
50%
Slovakia Bratislava
50%
Moldova Chisinau
50%
Sri Lanka Colombo/Sri Jayawardenepura Kotte
50%
Sierra Leone Freetown
50%
Zimbabwe Harare
50%
Sudan Khartoum
50%
Congo, Democratic Republic of the Kinshasa
50%
Bahrain Manama
50%
Monaco {Monaco}
50%
Oman Muscat
50%
Suriname Paramaribo
50%
North Korea Pyongyang
50%
Yemen Sanaa
50%
Laos Vientiane
50%
Namibia Windhoek
50%
Armenia Yerevan
50%
Madagascar Antananarivo
44%
Turkmenistan Ashgabat
44%
Eritrea Asmara
44%
Barbados Bridgetown
44%
Guinea Conakry
44%
Tanzania Dodoma
44%
South Sudan Juba
44%
Rwanda Kigali
44%
Equatorial Guinea Malabo
44%
Mozambique Maputo
44%
Burkina Faso Ouagadougou
44%
Cambodia Phnom Penh
44%
Montenegro Podgorica
44%
Trinidad and Tobago Port of Spain
44%
Benin Porto Novo/Cotonou
44%
Cape Verde Praia
44%
Sao Tome and Principe {Sao Tome}
44%
Bhutan Thimphu
44%
Cameroon Yaounde
44%
Samoa Apia
38%
Gambia Banjul
38%
Saint Kitts and Nevis Basseterre
38%
Congo, Republic of the Brazzaville
38%
Saint Lucia Castries
38%
Burundi Gitega
38%
Gabon Libreville
38%
Malawi Lilongwe
38%
Togo Lome
38%
Lesotho Maseru
38%
Liberia Monrovia
38%
Myanmar Naypyidaw
38%
Chad N'Djamena
38%
Mauritania Nouakchott
38%
Papua New Guinea Port Moresby
38%
Dominica Roseau
38%
Kiribati South {Tarawa}
38%
Honduras Tegucigalpa
38%
Seychelles Victoria
38%
Central African Republic Bangui
31%
Tajikistan Dushanbe
31%
Botswana Gaborone
31%
Slovenia Ljubljana
31%
Eswatini Mbabane
31%
Comoros Moroni
31%
Mauritius Port Louis
31%
Vanuatu Port Vila
31%
Kosovo Pristina
31%
Grenada Saint George's
31%
Antigua and Barbuda St John's
31%
Marshall Islands Majuro
25%
Tonga Nuku'alofa
25%
Micronesia, Federated States of Palikir
25%
Ivory Coast Yamoussoukro
25%
Nauru Yaren
25%
Tuvalu Funafuti
19%
Solomon Islands Honiara
19%
Palau Ngerulmud
19%
No matching quizzes found
Score Distribution
Percent of People with Each Score
Percentile by Number Answered
Your Score History
You have not taken this quiz since the last reset